|
|
|
|
| LEADER |
00000cam a2200000 a 4500 |
| 003 |
Ucuenca |
| 005 |
20231128062628.0 |
| 008 |
009111|2008 ec |||||r|||||||||||spa|| |
| 020 |
|
|
|a 9789942021328
|
| 040 |
|
|
|b spa
|
| 041 |
0 |
|
|a spa
|
| 082 |
0 |
|
|a 193
|
| 100 |
1 |
|
|a Maldonado Guzmán, Efraín
|9 66245
|
| 245 |
|
3 |
|a El interdeterminismo perfectivo dialéctico
|c Efrain Maldonado Guzmán
|h imp
|
| 264 |
|
|
|a Quito
|b Impresos Andinos
|c 2008
|
| 300 |
|
|
|a 80 páginas:
|c 21 cm
|
| 504 |
|
|
|a incl. ref.
|
| 650 |
|
7 |
|a Dialéctica
|9 7281
|
| 650 |
|
0 |
|a Marxismo
|9 7394
|
| 650 |
|
0 |
|a Socialismo
|9 3101
|
| 852 |
|
|
|a UC-CDJBV
|f Donación
|l 1
|m General
|p 20091118
|q 1,00
|r 2
|t si4056
|b 0
|d CDRC
|e CDRC
|g 193.04 PRIMER PISO
|z 2009-91-11
|
| 942 |
|
|
|c BK
|
| 999 |
|
|
|c 40056
|d 40056
|